00342nam a22001337a 450000500170000000800410001702000180005804100080007608200130008410000150009724500490011226000390016130000080020020260507161351.0160426b xxu||||| |||| 00| 0 eng d a023-063-885-6 aeng a658.4034 aSharma, JK aOperations Research: Theory and Applications aDelhibMacmillan India Ltd, c2009 a958